[Event "Molde CC-ch"]
[Site "Molde"]
[Date "2001.11.15"]
[Round "2"]
[White "Pantic, Miroslav"]
[Black "Orvik, Tore"]
[Result "1-0"]
[WhiteElo "1407"]
[BlackElo "1098"]
[PlyCount "37"]
[EventDate "2001.09.??"]
[EventType "tourn"]
[EventRounds "11"]
[EventCountry "NOR"]
[SourceTitle "EXT 2005"]
[Source "ChessBase"]
[SourceDate "2004.11.15"]
[SourceVersion "1"]
[SourceVersionDate "2004.11.15"]
[SourceQuality "1"]

1. d4 d5 2. Nf3 Nc6 3. e3 e6 4. c4 Bb4+ 5. Nc3 Nf6 6. a3 Bxc3+ 7. bxc3 Ne4 8. Qc2 0-0 9. Bd3 Nf6 10. 0-0 Re8 11. Ne5 Na5 12. c5 c6 13. Re1 g6 14. Rb1 Kg7 15. e4 dxe4 16. Bxe4 Nxe4 17. Qxe4 a6 18. Qf4 Qf6 19. Qh6+ 1-0

[Event "Molde CC-ch"]
[Site "Molde"]
[Date "2001.11.08"]
[Round "8"]
[White "Halas, Torleif"]
[Black "Orvik, Tore"]
[Result "1-0"]
[WhiteElo "1590"]
[BlackElo "1098"]
[PlyCount "31"]
[EventDate "2001.09.??"]
[EventType "tourn"]
[EventRounds "11"]
[EventCountry "NOR"]
[SourceTitle "EXT 2005"]
[Source "ChessBase"]
[SourceDate "2004.11.15"]
[SourceVersion "1"]
[SourceVersionDate "2004.11.15"]
[SourceQuality "1"]

1. d4 d5 2. e3 Nf6 3. Bd3 Bg4 4. Nf3 e6 5. 0-0 Bd6 6. Nbd2 c5 7. c3 0-0 8. e4 dxe4 9. Nxe4 Nxe4 10. Bxe4 Nc6 11. Bxc6 bxc6 12. dxc5 Bxc5 13. Qxd8 Raxd8 14. Ne5 Be2 15. Re1 Bb5 16. a4 1-0

[Event "Molde CC-ch"]
[Site "Molde"]
[Date "2001.10.18"]
[Round "3"]
[White "Orvik, Tore"]
[Black "Isachsen, Harald"]
[Result "0-1"]
[WhiteElo "1098"]
[BlackElo "1528"]
[PlyCount "54"]
[EventDate "2001.09.??"]
[EventType "tourn"]
[EventRounds "11"]
[EventCountry "NOR"]
[SourceTitle "EXT 2005"]
[Source "ChessBase"]
[SourceDate "2004.11.15"]
[SourceVersion "1"]
[SourceVersionDate "2004.11.15"]
[SourceQuality "1"]

1. e4 c5 2. Nc3 d6 3. Bb5+ Bd7 4. d3 g6 5. Qf3 Bg7 6. e5 Nc6 7. exd6 Bxc3+ 8. bxc3 Qa5 9. Bxc6 Qxc3+ 10. Kd1 Bxc6 11. Qxc6+ bxc6 12. Rb1 Qa5 13. Rb2 exd6 14. Nf3 0-0-0 15. Ng5 Nh6 16. Ne4 Nf5 17. h3 Rhe8 18. Bd2 Qa6 19. Nf6 Re6 20. Nxh7 Rd7 21. Nf8 Rb7 22. Rxb7 Qxb7 23. Nxe6 fxe6 24. g4 Qb1+ 25. Bc1 Nd4 26. f4 Qxc2+ 27. Ke1 Qe2# 0-1